000 01233nam a22002777a 4500
001 5884
003 FISKH
005 20250130093112.0
008 250130b cb ||||| |||| 00| 0 eng d
020 _a9780006479475
040 _aFISKH
_beng
_cFISKH
_dFISKH
050 _aPZ7
082 _a412
100 _aHendry, Linda
245 _aMrs. Mortifee's mouse /
_cStory and pictures by Linda Hendry
260 _aToronto :
_bHarper Collins,
_c1992.
300 _a24 unnumbered pages :
_bcolor illustrations ;
_c23 cm
505 _aF
520 _a"Absolutely satisfying...this is a keeper". -- Quill & Quire starred reviewTake one pesky mouse, a woman whose middle name is perseverance and a big cat who's just a little wild; zing them together in a story where a spare and subtle text makes a wonderful foil for outrageously funny and absorbing illustrations, and you have Mrs. Mortifee's Mouse. Or, as Arlene Perly Rae of The Toronto Star wrote, a story "...bursting with detail, loaded with charm and infused with humor".
521 8 _a300
_bLexile estimate
521 8 _aF
_bRaz-Plus
650 _aAdventure
_vMice
_xPets
700 _aHendry, Linda
_eillustrator
942 _2ddc
_cBK
_n0
999 _c5884
_d5884